000 00545nam a22001937a 4500
005 20250806152543.0
008 250806b |||||||| |||| 00| 0 eng d
020 _a978-1-26-046331-6
082 _a615.1
_bKAT-B
100 _aKatzung, Bertram G
245 _aBasic & Clinical Pharmacology-2
_cBy Katzung, Bertram G
250 _a16th ed.
260 _aAmerica :
_bMcGraw Hill ;
_c2024 .
300 _aix, 1348p. :
_bill ;
_c28 cm .
490 _vvol-2
500 _aPrinted in Pakistan.
650 _aMedical / Pharmacology
999 _c37010
_d37010